States of Afghanistan - Statistics

General Stats
  • This quiz has been taken 39 times
  • The average score is 16 of 34
Answer Stats
Answer % Correct
Kabul
91%
Kandahar
82%
Herat
73%
Badakhshan
64%
Badghis
64%
Baghlan
64%
Parwan
64%
Bamyan
55%
Farah
55%
Helmand
55%
Panjshir
55%
sarepol
55%
Zabul
55%
Balkh
45%
Ghazni
45%
Ghor
45%
Khost
45%
Kunduz
45%
Nuristan
45%
Faryab
36%
Jowzjan
36%
Kapisa
36%
Kunar
36%
Logar
36%
Paktia
36%
Paktika
36%
Samangan
36%
Takhar
36%
Wardak
36%
Daykundi
27%
Laghman
27%
Nangarhar
27%
Nimruz
27%
Uruzgan
27%
No matching quizzes found
Score Distribution
Percent of People with Each Score
Percentile by Number Answered
Your Score History
You have not taken this quiz